| 000 | 00377nam a2200133Ia 4500 | ||
|---|---|---|---|
| 999 |
_c20528 _d20528 |
||
| 082 | _aTR.0124 | ||
| 100 | _aRao, Singaraju Venkatalakshmin | ||
| 245 | 0 | _aSome aspects of state finances in Gujarat | |
| 260 |
_c1980 _bSardar Patel University |
||
| 300 | _a749p. + C D - 52 | ||
| 650 | _aGUJARAT - APPROPRIATIONS AND EXPENDITURE | ||
| 700 | _aPathak Mahesh T. | ||
| 942 |
_cTH _2ddc |
||